000 00509nam a22001577a 4500
005 20240417065822.0
008 240321b |||||||| |||| 00| 0 eng d
020 _a8122004970
082 _222
_a323.94.
_bTHE.
245 _aThe Third Wave :
_bGovernance and public Administration in Sri Lanka /
_cInternational Centre for Ethnic Studies.
260 _aColombo ;
_bInternational Centre for ethnic studies /
_c1997.
300 _axiv, 452 p.
650 _aPolitical.
700 _aSomasundram, m.
_eedt
942 _cL
999 _c589
_d589